[Event "EOBCC 2020"]
[Site "Online"]
[Date "2020.12.18"]
[Round "1.30"]
[White "Ponkratov, Pavel"]
[Black "Havlik, Jan"]
[Result "1-0"]
[WhiteElo "2625"]
[BlackElo "2393"]
[PlyCount "167"]
[EventDate "2020.12.18"]
[EventType "tourn"]
[EventCountry "NET"]

1. d4 Nf6 2. c4 g6 3. Nf3 Bg7 4. Nc3 d6 5. e4 O-O 6. Be2 e5 7. O-O Nc6 8. d5 Ne7 9. b4 Ne8 10. a4 f5 11. a5 f4 12. c5 h6 13. Ba3 g5 14. Nd2 Nf6 15. h3 Ng6 16. cxd6 cxd6 17. b5 Rf7 18. b6 a6 19. Rc1 Bf8 20. Na4 Rh7 21. Bh5 Nh4 22. Nb2 Bd7 23. Rc7 Nxh5 24. Qxh5 Be8 25. Qg4 Rxc7 26. bxc7 Qxc7 27. Nbc4 Bd7 28. Qh5 Be8 29. Qg4 Bd7 30. Qh5 Be8 31. Qe2 Bb5 32. Rc1 Rc8 33. g3 Ng6 34. Qh5 Qf7 35. Qd1 fxg3 36. fxg3 Qd7 37. Kg2 Qd8 38. Qh5 Be8 39. Qf3 Bb5 40. Qf5 Kg7 41. Rf1 Qd7 42. Qf6+ Kh7 43. Rc1 Bg7 44. Qf3 Rf8 45. Qe3 Qf7 46. Nb6 Qe7 47. Ndc4 Bxc4 48. Nxc4 Rd8 49. Qb6 Bf8 50. Rf1 Qd7 51. Qf2 Qg7 52. Qf7 Qxf7 53. Rxf7+ Kg8 54. Rxb7 Rc8 55. Nxd6 Rc2+ 56. Kf1 Rc3 57. Bb4 Rf3+ 58. Ke2 Rb3 59. Rb6 Rxg3 60. Nf5 Nf4+ 61. Kd2 Bxb4+ 62. Rxb4 Rxh3 63. Rb6 Rd3+ 64. Kc2 Ra3 65. Rxa6 Kf7 66. Nxh6+ Ke7 67. Ng4 Nd3 68. Nxe5 Nb4+ 69. Kb2 Re3 70. Re6+ Kf8 71. Nc4 Re2+ 72. Kb3 Nd3 73. Kc3 Nc5 74. Rf6+ Kg7 75. Rc6 Nxe4+ 76. Kd4 Nf6 77. d6 Ra2 78. Rc7+ Kg6 79. d7 Ra1 80. Kc5 Rd1 81. Kc6 g4 82. Ne5+ Kf5 83. Nc4 g3 84. Ne3+ 1-0

[Event "EOBCC 2020"]
[Site "Online"]
[Date "2020.12.18"]
[Round "1.31"]
[White "Neuman, Petr"]
[Black "Martirosyan, Haik M."]
[Result "0-1"]
[WhiteElo "2393"]
[BlackElo "2622"]
[PlyCount "64"]
[EventDate "2020.12.18"]
[EventType "tourn"]
[EventCountry "NET"]

1. d4 Nf6 2. c4 e6 3. Nc3 Bb4 4. Qc2 b6 5. Bg5 Bb7 6. a3 Bxc3+ 7. Qxc3 O-O 8. e3 d6 9. Ne2 Nbd7 10. Qc2 c5 11. dxc5 bxc5 12. Nc3 Qb6 13. Be2 Rac8 14. O-O d5 15. Rfd1 h6 16. Bh4 d4 17. Na4 Qd6 18. Bg3 e5 19. b4 Be4 20. Qb2 Qc6 21. Nxc5 Nxc5 22. bxc5 Bxg2 23. exd4 exd4 24. Qxd4 Bh1 25. Bf1 Bf3 26. Re1 Rfd8 27. Bd6 Ne4 28. Qd5 Nxd6 29. Qxc6 Rxc6 30. cxd6 Rcxd6 31. h3 Rg6+ 32. Kh2 Rd2 0-1

[Event "EOBCC 2020"]
[Site "Online"]
[Date "2020.12.18"]
[Round "1.32"]
[White "Onischuk, Vladimir"]
[Black "Storme, Isak"]
[Result "1-0"]
[WhiteElo "2633"]
[BlackElo "2392"]
[PlyCount "73"]
[EventDate "2020.12.18"]
[EventType "tourn"]
[EventCountry "NET"]

1. e4 c5 2. Nf3 d6 3. d4 cxd4 4. Nxd4 Nf6 5. Nc3 a6 6. a4 Nc6 7. Nxc6 bxc6 8. a5 g6 9. Be3 Bg7 10. Be2 O-O 11. O-O c5 12. e5 dxe5 13. Qxd8 Rxd8 14. Bxc5 e6 15. Rfd1 Bb7 16. Rxd8+ Rxd8 17. Rd1 Rc8 18. Bb6 Nd5 19. Bf3 Nxc3 20. Bxb7 Rb8 21. Rd8+ Rxd8 22. Bxd8 Ne2+ 23. Kf1 Nd4 24. c3 Nb5 25. Bxa6 Nd6 26. Bc7 Bf8 27. Be2 Ne4 28. f3 Nd2+ 29. Ke1 Nb3 30. a6 Bc5 31. Bc4 Na1 32. b4 Ba7 33. Kd2 Kf8 34. b5 Ke7 35. b6 Bxb6 36. Bxb6 Kd6 37. a7 1-0

[Event "EOBCC 2020"]
[Site "Online"]
[Date "2020.12.18"]
[Round "1.33"]
[White "Baskin, Robert"]
[Black "Chigaev, Maksim"]
[Result "0-1"]
[WhiteElo "2390"]
[BlackElo "2615"]
[PlyCount "72"]
[EventDate "2020.12.18"]
[EventType "tourn"]
[EventCountry "NET"]

1. e4 e5 2. Nf3 Nc6 3. Bb5 a6 4. Ba4 Nf6 5. O-O Be7 6. Re1 b5 7. Bb3 O-O 8. c3 d6 9. h3 Re8 10. d4 Bb7 11. Ng5 Rf8 12. Nf3 Nd7 13. Nbd2 Bf6 14. Nf1 exd4 15. cxd4 Na5 16. Bc2 Re8 17. Rb1 c5 18. d5 Nc4 19. b3 Nce5 20. N3h2 c4 21. b4 a5 22. a3 axb4 23. axb4 Nb6 24. Ng3 Ra2 25. f4 Nd3 26. Bxd3 cxd3 27. Ng4 Bh4 28. Qxd3 Nxd5 29. Rb3 h5 30. Nxh5 Bxe1 31. Qd4 Qb6 32. Qxb6 Nxb6 33. Re3 Bh4 34. g3 Nc4 35. gxh4 Nxe3 36. Bxe3 Rxe4 0-1

[Event "EOBCC 2020"]
[Site "Online"]
[Date "2020.12.18"]
[Round "1.35"]
[White "Remizov, Yaroslav"]
[Black "Fedorchuk, Sergey A."]
[Result "1-0"]
[WhiteElo "2385"]
[BlackElo "2616"]
[PlyCount "85"]
[EventDate "2020.12.18"]
[EventType "tourn"]
[EventCountry "NET"]

1. e4 c5 2. Nf3 e6 3. d4 cxd4 4. Nxd4 Nc6 5. Nc3 Qc7 6. Be2 Nf6 7. O-O a6 8. Be3 Be7 9. f4 d6 10. Qe1 O-O 11. Qg3 Nxd4 12. Bxd4 b5 13. a3 Bb7 14. Rae1 Rad8 15. Kh1 Bc6 16. Bd3 Qd7 17. Qh3 e5 18. fxe5 Qxh3 19. gxh3 dxe5 20. Bxe5 Nd7 21. Bc7 Rc8 22. Nd5 Bh4 23. Bg3 Bd8 24. c3 Re8 25. Bc2 Ne5 26. Ne3 Nc4 27. Nxc4 bxc4 28. Kg2 Bb6 29. Kf3 Rcd8 30. Rd1 f5 31. Rxd8 Bxd8 32. Re1 Bg5 33. h4 Bd2 34. Rd1 fxe4+ 35. Ke2 e3 36. Be1 Bd7 37. Kf3 Rf8+ 38. Kg3 Bxe1+ 39. Rxe1 Re8 40. b3 Bc6 41. bxc4 Re7 42. c5 g6 43. Kf4 1-0

[Event "EOBCC 2020"]
[Site "Online"]
[Date "2020.12.18"]
[Round "1.36"]
[White "Piorun, Kacper"]
[Black "Bashirli, Nail"]
[Result "1-0"]
[WhiteElo "2615"]
[BlackElo "2382"]
[PlyCount "131"]
[EventDate "2020.12.18"]
[EventType "tourn"]
[EventCountry "NET"]

1. e4 Nf6 2. e5 Nd5 3. d4 d6 4. c4 Nb6 5. exd6 cxd6 6. Nc3 g6 7. Be3 Bg7 8. Nf3 O-O 9. h3 Bf5 10. Rc1 d5 11. b3 Nc6 12. c5 Nc8 13. Be2 e5 14. O-O e4 15. Ne1 N8e7 16. Nc2 Be6 17. b4 a6 18. a4 f5 19. Bf4 h6 20. b5 axb5 21. axb5 Na5 22. Bd6 f4 23. Bg4 Qd7 24. Bxe6+ Qxe6 25. Qg4 Nf5 26. Bxf8 Rxf8 27. Qxf4 Nxd4 28. Qg4 Qxg4 29. hxg4 Nab3 30. Ne3 Nxc1 31. Rxc1 Nb3 32. Rb1 Nd2 33. Rd1 Bxc3 34. Nxd5 Rd8 35. Nxc3 Rd3 36. Nxe4 Nf3+ 37. gxf3 Rxd1+ 38. Kg2 Rc1 39. b6 Kg7 40. f4 Rc4 41. Kf3 Rb4 42. Nd6 Kf6 43. Nxb7 Ke6 44. Nd8+ Kd5 45. Nf7 h5 46. g5 Kxc5 47. Ne5 Rb3+ 48. Kg2 Kd5 49. Nxg6 Rxb6 50. Nh4 Ke4 51. Kg3 Rb1 52. f3+ Kd5 53. f5 Ke5 54. f4+ Ke4 55. f6 Rb3+ 56. Kg2 Rb2+ 57. Kg3 Rb3+ 58. Kh2 Rb2+ 59. Ng2 Kf3 60. f7 Rxg2+ 61. Kh1 Ra2 62. f8=Q Kg3 63. Qf6 Rc2 64. Qa1 Kxf4 65. g6 Rc7 66. g7 1-0

[Event "EOBCC 2020"]
[Site "Online"]
[Date "2020.12.18"]
[Round "1.37"]
[White "Mammadova, Gulnar"]
[Black "Smirin, Ilia"]
[Result "0-1"]
[WhiteElo "2382"]
[BlackElo "2614"]
[PlyCount "58"]
[EventDate "2020.12.18"]
[EventType "tourn"]
[EventCountry "NET"]

1. e4 c5 2. Nf3 e6 3. b3 d5 4. Bb5+ Bd7 5. Bxd7+ Qxd7 6. exd5 exd5 7. O-O Nc6 8. d4 O-O-O 9. Bb2 Nf6 10. Nc3 Ne4 11. Na4 cxd4 12. Nxd4 Bd6 13. Nxc6 Qxc6 14. Qd4 Kb8 15. Rad1 f6 16. Qe3 Rhe8 17. Qd3 Bc7 18. Bd4 Qd6 19. g3 Qe6 20. Nc5 Qh3 21. Qb5 Nxc5 22. Qxc5 b6 23. Qb5 Re4 24. f4 h5 25. Bf2 h4 26. Rxd5 Rh8 27. Rd7 hxg3 28. Bxg3 Re3 29. Rxg7 Rxg3+ 0-1

[Event "EOBCC 2020"]
[Site "Online"]
[Date "2020.12.18"]
[Round "1.38"]
[White "Svane, Rasmus"]
[Black "Sulashvili, Malkhaz"]
[Result "1/2-1/2"]
[WhiteElo "2613"]
[BlackElo "2381"]
[PlyCount "125"]
[EventDate "2020.12.18"]
[EventType "tourn"]
[EventCountry "NET"]

1. Nf3 d5 2. g3 c6 3. Bg2 Nf6 4. O-O g6 5. c4 Bg7 6. d4 O-O 7. Qb3 dxc4 8. Qxc4 Bf5 9. Nc3 Nbd7 10. Re1 Ne4 11. Qb3 Qb6 12. Nh4 Qxb3 13. axb3 Nxc3 14. bxc3 Bc2 15. b4 a6 16. f4 Nb6 17. Nf3 Be4 18. Ne5 Bxg2 19. Kxg2 Bxe5 20. fxe5 Nc4 21. Bh6 Rfe8 22. e4 f6 23. exf6 exf6 24. Re2 Re7 25. Rf1 f5 26. e5 a5 27. Bg5 Ree8 28. bxa5 Rxa5 29. Rb1 b5 30. e6 Kg7 31. h4 h6 32. Bf4 Kf6 33. Bxh6 Rxe6 34. Bg5+ Kf7 35. Rxe6 Kxe6 36. Re1+ Kd5 37. Be7 Ra2+ 38. Kh3 Rf2 39. Bb4 f4 40. gxf4 Rxf4 41. Rg1 Rf6 42. Rg5+ Ke4 43. Rg4+ Ke3 44. Rg5 Nd2 45. d5 cxd5 46. Rxd5 Ne4 47. Rxb5 Rf3+ 48. Kg2 Rg3+ 49. Kh2 Rg4 50. Re5 Kf3 51. Bc5 Rxh4+ 52. Kg1 Rg4+ 53. Kh2 Rg2+ 54. Kh3 Rg3+ 55. Kh2 Rg2+ 56. Kh3 Rg3+ 57. Kh2 Rg4 58. Bd4 Rh4+ 59. Kg1 Rg4+ 60. Kf1 Rh4 61. Kg1 Rg4+ 62. Kf1 Rh4 63. Kg1 1/2-1/2

[Event "EOBCC 2020"]
[Site "Online"]
[Date "2020.12.18"]
[Round "1.39"]
[White "Can, Isik"]
[Black "Tomczak, Jacek"]
[Result "0-1"]
[WhiteElo "2380"]
[BlackElo "2610"]
[PlyCount "104"]
[EventDate "2020.12.18"]
[EventType "tourn"]
[EventCountry "NET"]

1. e4 c5 2. Nf3 d6 3. d4 cxd4 4. Nxd4 Nf6 5. Nc3 a6 6. Be3 e5 7. Nb3 Be6 8. h3 Nc6 9. Qf3 Rc8 10. O-O-O Na5 11. Kb1 Rxc3 12. bxc3 Qc7 13. Bc1 Be7 14. g4 h5 15. g5 Nd7 16. g6 fxg6 17. Rg1 Rf8 18. Qe3 Rf6 19. Qg3 Nc5 20. Re1 Na4 21. Re3 Nc4 22. Bxc4 Qxc4 23. Bb2 Qb5 24. Rf3 Bf7 25. Rxf6 gxf6 26. Qe3 Nb6 27. Rd1 a5 28. a4 Qa6 29. Ba3 Nc4 30. Qc1 Qc6 31. Nd2 Nb6 32. Qb2 Nxa4 33. Qc1 Nxc3+ 34. Ka1 Nxd1 35. Qxd1 Qa4 36. Qc1 d5 37. Nb1 dxe4 38. Qe3 Qc4 39. Kb2 Qa2+ 40. Kc1 Bxa3+ 41. Nxa3 Qa1+ 42. Kd2 Qd4+ 43. Qxd4 exd4 44. Nb5 Kd7 45. Nxd4 Kd6 46. h4 Kc5 47. Kc3 g5 48. Nf5 Be6 49. Ng7 Bg4 50. Ne8 gxh4 51. Nxf6 Bf3 52. Nd7+ Kd6 0-1

[Event "EOBCC 2020"]
[Site "Online"]
[Date "2020.12.18"]
[Round "1.40"]
[White "Durarbayli, Vasif"]
[Black "Dudin, Gleb"]
[Result "1-0"]
[WhiteElo "2606"]
[BlackElo "2395"]
[PlyCount "157"]
[EventDate "2020.12.18"]
[EventType "tourn"]
[EventCountry "NET"]

1. e4 c6 2. Nc3 d5 3. Nf3 dxe4 4. Nxe4 Nf6 5. Qe2 Nxe4 6. Qxe4 Be6 7. b3 Nd7 8. Bb2 Nf6 9. Qh4 Bf5 10. O-O-O e6 11. Bc4 Be7 12. Qd4 Qa5 13. Kb1 Rd8 14. Qc3 Qxc3 15. Bxc3 Ne4 16. Bd4 Rxd4 17. Nxd4 Nxf2 18. Nxf5 exf5 19. Rhf1 Nxd1 20. Rxf5 Bf6 21. Be2 Ne3 22. dxe3 Ke7 23. Kc1 g6 24. Rf4 Rd8 25. Bd3 Bg5 26. Re4+ Kf8 27. Kd2 f5 28. Re5 b6 29. Re6 c5 30. Ke2 Re8 31. Rxe8+ Kxe8 32. Kf3 Ke7 33. Bc4 Bf6 34. Kf4 h6 35. g3 Kd6 36. Bf7 Be5+ 37. Kf3 g5 38. h3 Bf6 39. Be8 Ke5 40. g4 fxg4+ 41. hxg4 Be7 42. Ke2 Bd6 43. Bg6 Kd5 44. Kd3 Be5 45. a4 Kd6 46. Kc4 Bg3 47. Kb5 Kc7 48. Ka6 Kb8 49. a5 Bc7 50. Kb5 Bg3 51. Kc6 Bf2 52. axb6 axb6 53. e4 Kc8 54. e5 Kd8 55. Kxb6 c4+ 56. Kc6 cxb3 57. cxb3 Ke7 58. Bf5 Bd4 59. Kd5 Bb6 60. b4 Bf2 61. b5 Bg1 62. Kc6 Bd4 63. Kd5 Bg1 64. Bd3 Be3 65. Ke4 Bg1 66. Bc4 Bf2 67. Kf5 Bd4 68. Bd5 Bb2 69. b6 Bd4 70. b7 Ba7 71. Kg6 Bb8 72. Kxh6 Bxe5 73. Kxg5 Kf8 74. Kf5 Bh2 75. Ke6 Kg7 76. Kd7 Kf6 77. Kc8 Kg5 78. Bf3 Bf4 79. b8=Q 1-0

[Event "EOBCC 2020"]
[Site "Online"]
[Date "2020.12.18"]
[Round "1.41"]
[White "Yatzenko, Anton"]
[Black "Heimann, Andreas"]
[Result "1/2-1/2"]
[WhiteElo "2379"]
[BlackElo "2606"]
[PlyCount "84"]
[EventDate "2020.12.18"]
[EventType "tourn"]
[EventCountry "NET"]

1. d4 Nf6 2. Nf3 d5 3. Bf4 c5 4. e3 e6 5. Nbd2 Bd6 6. Bg3 O-O 7. c3 Qc7 8. Bxd6 Qxd6 9. Ne5 b6 10. Bd3 Ba6 11. Bxa6 Nxa6 12. Qa4 Nc7 13. O-O b5 14. Qa3 b4 15. cxb4 cxd4 16. exd4 a5 17. Qd3 Qxb4 18. Rfc1 Qb7 19. Nb3 Rfc8 20. Rab1 a4 21. Nc5 Qb5 22. Qe3 Nce8 23. h3 Nd6 24. b3 axb3 25. axb3 Nf5 26. Qd2 h6 27. g4 Nd6 28. f3 Rc7 29. Rc2 Rca7 30. Kg2 Ra1 31. Rxa1 Rxa1 32. Rc1 Rxc1 33. Qxc1 Qb4 34. Qe3 Nb5 35. Nxf7 Kxf7 36. Qxe6+ Kf8 37. Qc8+ Kf7 38. Qe6+ Kf8 39. Qc8+ Ke7 40. Qe6+ Kd8 41. Qb6+ Ke8 42. Qe6+ Kf8 1/2-1/2

[Event "EOBCC 2020"]
[Site "Online"]
[Date "2020.12.18"]
[Round "1.42"]
[White "Postny, Evgeny"]
[Black "Balajayeva, Khanim"]
[Result "1-0"]
[WhiteElo "2605"]
[BlackElo "2376"]
[PlyCount "115"]
[EventDate "2020.12.18"]
[EventType "tourn"]
[EventCountry "NET"]

1. d4 Nf6 2. c4 e6 3. Nf3 b6 4. g3 Bb7 5. Bg2 Be7 6. O-O O-O 7. Re1 Ne4 8. Bf4 f5 9. Qc2 Bf6 10. Nc3 Nxc3 11. Qxc3 c5 12. Be5 cxd4 13. Bxd4 Bxd4 14. Nxd4 Bxg2 15. Kxg2 Qc7 16. Qf3 Nc6 17. Nb5 Qb8 18. Rad1 a6 19. Nd6 Qc7 20. b3 Rad8 21. Rd2 Ne5 22. Qc3 Qc6+ 23. f3 Nf7 24. Red1 Qc7 25. a4 h6 26. Qe3 g5 27. Nxf7 Rxf7 28. Rd6 Rb8 29. Qd4 b5 30. Rxa6 bxc4 31. bxc4 Rb4 32. Ra8+ Rf8 33. Rxf8+ Kxf8 34. Qh8+ Kf7 35. Qh7+ Ke8 36. Qg6+ Ke7 37. Qg7+ Ke8 38. Qg6+ Ke7 39. Qxh6 Rxc4 40. Qxg5+ Ke8 41. h4 Rc2 42. Rd2 Rxd2 43. Qxd2 Qc4 44. a5 Qa4 45. h5 Kf7 46. Qg5 Qxa5 47. h6 Qe1 48. Qg7+ Ke8 49. Qe5 d6 50. Qxe6+ Kf8 51. Qxf5+ Ke7 52. Qg5+ Kd7 53. Qg4+ Kc7 54. Qc4+ Kd7 55. h7 Qa1 56. Qf7+ Kc6 57. Qe8+ Kc5 58. h8=Q 1-0

[Event "EOBCC 2020"]
[Site "Online"]
[Date "2020.12.18"]
[Round "1.43"]
[White "Haring, Filip"]
[Black "Azarov, Sergei"]
[Result "0-1"]
[WhiteElo "2376"]
[BlackElo "2604"]
[PlyCount "50"]
[EventDate "2020.12.18"]
[EventType "tourn"]
[EventCountry "NET"]

1. Nf3 f5 2. d3 Nf6 3. e4 fxe4 4. dxe4 Nxe4 5. Bd3 Nf6 6. Ng5 g6 7. h4 e5 8. h5 d5 9. hxg6 e4 10. Nf7 Qe7 11. Bb5+ c6 12. Nxh8 Bg7 13. Be2 Bxh8 14. gxh7 Be6 15. Bf4 Nbd7 16. Nc3 O-O-O 17. Qd2 Nb6 18. O-O-O d4 19. Nb1 Qc5 20. Na3 d3 21. Kb1 Nfd5 22. cxd3 Na4 23. Be3 Nxe3 24. Qxe3 Qb4 25. b3 Qxa3 0-1

[Event "EOBCC 2020"]
[Site "Online"]
[Date "2020.12.18"]
[Round "1.46"]
[White "Banikas, Hristos"]
[Black "Seul, Georg"]
[Result "1-0"]
[WhiteElo "2602"]
[BlackElo "2372"]
[PlyCount "59"]
[EventDate "2020.12.18"]
[EventType "tourn"]
[EventCountry "NET"]

1. d4 Nf6 2. c4 e6 3. Nf3 Bb4+ 4. Bd2 a5 5. g3 d6 6. Bg2 Nbd7 7. O-O e5 8. e3 c6 9. Qb3 Bxd2 10. Nfxd2 O-O 11. Nc3 Re8 12. Qa3 Nf8 13. Nde4 Nxe4 14. Nxe4 Re6 15. dxe5 dxe5 16. Rfd1 Qc7 17. c5 Re7 18. Nd6 Be6 19. Qc3 f6 20. b3 Rd8 21. a3 Red7 22. b4 axb4 23. axb4 b6 24. Rdc1 bxc5 25. bxc5 Bd5 26. e4 Be6 27. Rcb1 Re7 28. Rb7 Qxb7 29. Nxb7 Rxb7 30. Bf1 1-0

[Event "EOBCC 2020"]
[Site "Online"]
[Date "2020.12.18"]
[Round "1.47"]
[White "Maly, Alexey"]
[Black "Bosiocic, Marin"]
[Result "0-1"]
[WhiteElo "2371"]
[BlackElo "2602"]
[PlyCount "180"]
[EventDate "2020.12.18"]
[EventType "tourn"]
[EventCountry "NET"]

1. d4 d6 2. c4 e5 3. Nc3 exd4 4. Qxd4 Nc6 5. Qd2 g6 6. b3 Bg7 7. Bb2 Nf6 8. g3 O-O 9. Bg2 Re8 10. Nh3 Nh5 11. O-O Bg4 12. Rfe1 Qd7 13. Nf4 Nxf4 14. Qxf4 Nd4 15. Qd2 c5 16. f3 Bf5 17. Rac1 a6 18. e3 Nc6 19. Nd5 Qd8 20. Bxg7 Kxg7 21. Qc3+ f6 22. Rcd1 Rf8 23. Rd2 Ra7 24. Red1 b5 25. Nf4 b4 26. Qb2 Qe8 27. Kf2 g5 28. Nd5 g4 29. f4 Be4 30. Re1 Bxg2 31. Kxg2 Qe4+ 32. Kg1 h5 33. Qc2 Re8 34. Qxe4 Rxe4 35. Kg2 Rb7 36. h3 Nd4 37. Rh1 Nf5 38. hxg4 hxg4 39. Kf2 Rb8 40. Re2 a5 41. Ree1 a4 42. Rh5 Kg6 43. Reh1 axb3 44. axb3 Ra8 45. Rh7 Ra2+ 46. Kg1 Ra1+ 47. Kf2 Ra2+ 48. Kg1 Rb2 49. Rd7 Rb1+ 50. Kg2 Rxh1 51. Kxh1 Nxg3+ 52. Kg2 Nf5 53. Kf2 Re8 54. Ke2 g3 55. Kf3 g2 56. Kxg2 Nxe3+ 57. Kf3 Nxd5 58. cxd5 Rb8 59. Rc7 Rh8 60. Kg3 Re8 61. Kf3 Re1 62. Rd7 Rb1 63. Rxd6 Rxb3+ 64. Kg4 Rc3 65. f5+ Kf7 66. Rd7+ Ke8 67. Rb7 Rd3 68. Kh5 Rxd5 69. Kg6 Rd6 70. Rb5 Rc6 71. Rb8+ Ke7 72. Rb7+ Kd8 73. Kf7 Kc8 74. Re7 c4 75. Re6 Kb7 76. Kxf6 c3 77. Ke7 c2 78. Rxc6 Kxc6 79. f6 c1=Q 80. f7 Qf4 81. f8=Q Qxf8+ 82. Kxf8 b3 83. Kf7 b2 84. Kg8 b1=Q 85. Kf7 Qf5+ 86. Ke7 Qg6 87. Kf8 Qh7 88. Ke8 Kd6 89. Kf8 Ke6 90. Ke8 Qe7# 0-1

[Event "EOBCC 2020"]
[Site "Online"]
[Date "2020.12.18"]
[Round "1.48"]
[White "Fridman, Daniel"]
[Black "Rodin, Dmitrij"]
[Result "0-1"]
[WhiteElo "2601"]
[BlackElo "2370"]
[PlyCount "130"]
[EventDate "2020.12.18"]
[EventType "tourn"]
[EventCountry "NET"]

1. d4 Nf6 2. Nf3 e6 3. g3 b6 4. Bg2 Bb7 5. c4 Bb4+ 6. Bd2 a5 7. O-O O-O 8. Bg5 Be7 9. Bxf6 Bxf6 10. Nc3 d6 11. Qd3 g6 12. e4 Bg7 13. Rad1 Nd7 14. Rfe1 Re8 15. h4 Qe7 16. b3 Rad8 17. Qc2 c5 18. Nb5 cxd4 19. Nfxd4 Nc5 20. Ne2 Qf6 21. Nxd6 Rf8 22. Nxb7 Nxb7 23. e5 Qe7 24. f4 Rxd1 25. Rxd1 Rd8 26. Rxd8+ Nxd8 27. Qd2 Bf8 28. Kh2 Qc7 29. Nd4 Nb7 30. Nb5 Qc8 31. Qd4 Nc5 32. h5 gxh5 33. Qd1 h4 34. Qg4+ Kh8 35. Qxh4 Qd7 36. Qh5 h6 37. Kh3 Nd3 38. Qe2 Bc5 39. Kh2 Nf2 40. Nd6 Kg7 41. Ne4 Nxe4 42. Bxe4 Qd4 43. Bg2 Qe3 44. Qg4+ Kf8 45. Qh5 Kg7 46. Qh4 Bf8 47. Kh3 Qe2 48. Qf6+ Kg8 49. Kh2 Qxa2 50. f5 Qf2 51. fxe6 Qxf6 52. exf6 fxe6 53. Kh3 Kf7 54. Kg4 Kxf6 55. Bc6 Bd6 56. Kf3 Ke5 57. g4 Kd4 58. Ba4 e5 59. Ke2 e4 60. Bc6 Bf4 61. Ba4 Kc3 62. Ke1 e3 63. Ke2 Bg5 64. Kf3 Kd2 65. c5 e2 0-1

[Event "EOBCC 2020"]
[Site "Online"]
[Date "2020.12.18"]
[Round "1.49"]
[White "Mroziak, Maciej"]
[Black "Shevchenko, Kirill"]
[Result "0-1"]
[WhiteElo "2369"]
[BlackElo "2592"]
[PlyCount "42"]
[EventDate "2020.12.18"]
[EventType "tourn"]
[EventCountry "NET"]

1. e4 e5 2. Nf3 d6 3. d4 exd4 4. Nxd4 Nf6 5. f3 g6 6. Be3 Bg7 7. Nc3 O-O 8. Qd2 d5 9. O-O-O c5 10. Nb3 d4 11. Nxc5 Nfd7 12. Bxd4 Bxd4 13. Qxd4 Qg5+ 14. Kb1 Qxc5 15. Qd2 Nc6 16. h4 Nde5 17. h5 Be6 18. Qh6 Qe7 19. f4 Ng4 20. Qg5 Qxg5 21. fxg5 Nf2 0-1

[Event "EOBCC 2020"]
[Site "Online"]
[Date "2020.12.18"]
[Round "1.50"]
[White "Hakobyan, Aram"]
[Black "Krastev, Alexander"]
[Result "1-0"]
[WhiteElo "2598"]
[BlackElo "2367"]
[PlyCount "125"]
[EventDate "2020.12.18"]
[EventType "tourn"]
[EventCountry "NET"]

1. c4 g6 2. Nc3 Bg7 3. d4 c5 4. d5 d6 5. e4 Nf6 6. Nf3 O-O 7. Be2 e6 8. O-O exd5 9. exd5 Bg4 10. h3 Bxf3 11. Bxf3 Nfd7 12. Bf4 Ne5 13. Be2 Nbd7 14. Qd2 Re8 15. Rae1 f5 16. Bg3 Qf6 17. f4 Nf7 18. Bf2 Re7 19. Bd3 Rae8 20. Rxe7 Qxe7 21. Re1 Qd8 22. Rxe8+ Qxe8 23. Nb5 Qb8 24. Qe2 a6 25. Nc3 Kf8 26. g4 fxg4 27. hxg4 Qe8 28. Qf3 Qe7 29. g5 Kg8 30. Qh3 Nf8 31. Qc8 h6 32. gxh6 Nxh6 33. Bxg6 Qf6 34. Bd3 Qxf4 35. Be2 Nf5 36. Nd1 Nh4 37. Qh3 Nfg6 38. Ne3 Qg5+ 39. Kf1 Bxb2 40. Qe6+ Kg7 41. Qxd6 Bd4 42. Qd7+ Kh8 43. Qe8+ Kg7 44. Qd7+ Kh8 45. Qc8+ Kg7 46. Qxb7+ Kh8 47. Qc8+ Kg7 48. Qd7+ Kh8 49. Qe8+ Kg7 50. d6 Nf5 51. Qd7+ Kf6 52. Nd5+ Ke5 53. Qe8+ Nge7 54. Nxe7 Qc1+ 55. Kg2 Qg5+ 56. Kh1 Qh6+ 57. Kg2 Qg5+ 58. Kf1 Qc1+ 59. Be1 Qf4+ 60. Kg2 Qg5+ 61. Kh3 Qh6+ 62. Kg4 Qg7+ 63. Ng6+ 1-0

[Event "EOBCC 2020"]
[Site "Online"]
[Date "2020.12.18"]
[Round "1.51"]
[White "Villegas, Pierre"]
[Black "Kollars, Dmitrij"]
[Result "0-1"]
[WhiteElo "2367"]
[BlackElo "2598"]
[PlyCount "58"]
[EventDate "2020.12.18"]
[EventType "tourn"]
[EventCountry "NET"]

1. d4 Nf6 2. c4 e6 3. Nc3 Bb4 4. e3 O-O 5. Nge2 Re8 6. a3 Bf8 7. d5 a5 8. g3 Na6 9. Bg2 Nc5 10. b3 exd5 11. cxd5 d6 12. O-O a4 13. b4 Nb3 14. Ra2 Bd7 15. Nd4 Nxc1 16. Qxc1 g6 17. Rc2 Rc8 18. Ncb5 Ng4 19. Nxc7 Re7 20. Ncb5 Bg7 21. Rxc8 Bxc8 22. Nxd6 Rc7 23. Nc4 Bxd4 24. exd4 b5 25. d6 Rxc4 26. Qf4 Qf6 27. Re1 Qxf4 28. Re8+ Kg7 29. gxf4 Bf5 0-1

[Event "EOBCC 2020"]
[Site "Online"]
[Date "2020.12.18"]
[Round "1.52"]
[White "Safarli, Eltaj"]
[Black "Barp, Alberto"]
[Result "0-1"]
[WhiteElo "2598"]
[BlackElo "2366"]
[PlyCount "100"]
[EventDate "2020.12.18"]
[EventType "tourn"]
[EventCountry "NET"]

1. e4 e5 2. Nf3 Nc6 3. Bb5 a6 4. Ba4 d6 5. O-O Bd7 6. Re1 g5 7. d4 g4 8. Bxc6 bxc6 9. Nfd2 exd4 10. Nc4 Bg7 11. e5 d5 12. Na5 c5 13. Nb7 Qe7 14. b4 cxb4 15. Qxd4 Bc6 16. Nc5 Nh6 17. Bxh6 Bxh6 18. a3 bxa3 19. Rxa3 O-O 20. Qxg4+ Kh8 21. Qd4 Rg8 22. Rg3 Rg6 23. Nc3 Bf8 24. Nd3 Rd8 25. Nf4 Rxg3 26. hxg3 Qc5 27. Qd2 d4 28. Nd1 Qb4 29. Qe2 Bb5 30. Nd3 Qe7 31. f4 c5 32. Qe4 c4 33. N3f2 d3 34. cxd3 cxd3 35. Ne3 Qb4 36. Rd1 Bc5 37. Qxb4 Bxb4 38. Ne4 d2 39. Kf2 Ba4 40. Rb1 a5 41. Nd6 Bxd6 42. exd6 Rxd6 43. Nd1 Bxd1 44. Rxd1 Kg7 45. Ke2 Kf6 46. g4 a4 47. Ra1 d1=Q+ 48. Rxd1 Rxd1 49. Kxd1 Ke6 50. Kc2 Kd5 0-1

[Event "EOBCC 2020"]
[Site "Online"]
[Date "2020.12.18"]
[Round "1.53"]
[White "Baghdasaryan, Vahe"]
[Black "Sargsyan, Shant"]
[Result "1-0"]
[WhiteElo "2364"]
[BlackElo "2596"]
[PlyCount "113"]
[EventDate "2020.12.18"]
[EventType "tourn"]
[EventCountry "NET"]

1. e4 c6 2. d4 d5 3. e5 c5 4. dxc5 e6 5. Bf4 Bxc5 6. c3 Ne7 7. Nf3 Bd7 8. Bd3 Qb6 9. Qe2 Ng6 10. Bg3 a6 11. b4 Be7 12. a4 Nc6 13. h4 Rc8 14. h5 Nf8 15. O-O h6 16. Nbd2 Nh7 17. b5 axb5 18. axb5 Na5 19. c4 dxc4 20. Nxc4 Nxc4 21. Bxc4 O-O 22. Rfd1 Rfd8 23. Qe4 Nf8 24. Rab1 Be8 25. Rdc1 Rc7 26. Bd3 Rdc8 27. Rxc7 Rxc7 28. Bh4 Bxh4 29. Qxh4 Rd7 30. Be4 Qc5 31. g4 Nh7 32. g5 Nxg5 33. Nxg5 hxg5 34. Qxg5 f6 35. Qg2 Qxe5 36. Bxb7 Bxh5 37. Bc6 Rd4 38. b6 Rg4 39. b7 Rxg2+ 40. Bxg2 Qb8 41. Rc1 Kh7 42. Rc8 Qe5 43. b8=Q Qe1+ 44. Kh2 Qxf2 45. Rh8+ Kg6 46. Qe8+ Kf5 47. Qxh5+ g5 48. Qf3+ Qxf3 49. Bxf3 Kf4 50. Kg2 f5 51. Rg8 e5 52. Kf2 e4 53. Bxe4 fxe4 54. Rf8+ Kg4 55. Ke3 Kg3 56. Kxe4 g4 57. Rg8 1-0

[Event "EOBCC 2020"]
[Site "Online"]
[Date "2020.12.18"]
[Round "1.54"]
[White "Gajewski, Grzegorz"]
[Black "Mischuk, Dmitry"]
[Result "1-0"]
[WhiteElo "2596"]
[BlackElo "2364"]
[PlyCount "123"]
[EventDate "2020.12.18"]
[EventType "tourn"]
[EventCountry "NET"]

1. d4 d5 2. Nf3 e6 3. Bf4 Bd6 4. e3 Nf6 5. Nbd2 O-O 6. Bd3 b6 7. Qe2 a5 8. Ne5 Ba6 9. O-O Bxd3 10. cxd3 Bxe5 11. Bxe5 Nfd7 12. Bg3 c5 13. Rfc1 Re8 14. Nb1 Nc6 15. Nc3 Na7 16. Na4 Rc8 17. dxc5 Nxc5 18. Qd1 Nxa4 19. Qxa4 b5 20. Qb3 Qb6 21. Be5 Nc6 22. Bd6 Na7 23. Bg3 Rxc1+ 24. Rxc1 Rc8 25. Rxc8+ Nxc8 26. Qc3 Ne7 27. Bc7 Qb7 28. Bxa5 Nc6 29. a3 h6 30. Bb4 f6 31. Bd6 Kf7 32. h4 e5 33. Qc5 Ke6 34. Bf8 Kf7 35. h5 Nd8 36. Bd6 Ne6 37. Qc2 Qb6 38. Bb4 Qb7 39. d4 exd4 40. Qg6+ Kg8 41. Qe8+ Kh7 42. Qg6+ Kg8 43. Qe8+ Kh7 44. Qxe6 dxe3 45. Qxe3 Qc6 46. Qd3+ Kh8 47. Bc3 Qd6 48. Qxb5 Qf4 49. Qe8+ Kh7 50. Qe3 Qf5 51. Qe2 Qf4 52. g3 Qc1+ 53. Kg2 Qg5 54. a4 Qf5 55. a5 d4 56. Bd2 Qd5+ 57. Qf3 Qc4 58. b3 Qb5 59. Qe4+ Kh8 60. Qxd4 Qxb3 61. a6 Qd5+ 62. Qxd5 1-0

[Event "EOBCC 2020"]
[Site "Online"]
[Date "2020.12.18"]
[Round "1.55"]
[White "Ruperez Benito, Antonio"]
[Black "Keymer, Vincent"]
[Result "0-1"]
[WhiteElo "2363"]
[BlackElo "2588"]
[PlyCount "80"]
[EventDate "2020.12.18"]
[EventType "tourn"]
[EventCountry "NET"]

1. e4 c6 2. Nc3 d5 3. Nf3 dxe4 4. Nxe4 Nf6 5. Qe2 Nxe4 6. Qxe4 Nd7 7. Bc4 Nf6 8. Ne5 e6 9. Qe2 b5 10. Bb3 Qc7 11. d4 Bd6 12. Bf4 O-O 13. O-O a5 14. a4 b4 15. Rfd1 Nd5 16. Bg3 Bb7 17. Rac1 c5 18. c4 bxc3 19. bxc3 cxd4 20. cxd4 Qe7 21. Nc6 Bxc6 22. Rxc6 Bxg3 23. hxg3 Rfd8 24. Rdc1 Nb4 25. Rc7 Qf6 26. Rb7 Rac8 27. Rxc8 Rxc8 28. Qe3 h6 29. g4 Rd8 30. Rb5 Rxd4 31. Rxa5 Rxg4 32. Rc5 Rg5 33. Rc8+ Kh7 34. g3 Nd5 35. Bc2+ g6 36. Qc5 Re5 37. Qf8 Re1+ 38. Kg2 Ne3+ 39. fxe3 Qf1+ 40. Kh2 Qh1# 0-1